Statistics for Guess the Football Player/Soccer Player

Click here to take the quiz!

General Stats

  • This quiz has been taken 454 times
  • The average score is 10 of 12

Answer Stats

Answer% Correct
Neymar Jr
100%
Cristiano Ronaldo
97%
Kylian Mbappe
95%
Lionel Messi
95%
Antoine Griezmann
94%
Paul Pogba
90%
Roberto Firmino
78%
James Rodriguez
77%
Jesse Lingard
76%
Philippe Coutinho
73%
Presnel Kimpembe
58%
Rafinha
29%

Score Distribution

Percentile by Number Answered

Percent of People with Each Score

Your Score History

You have not taken this quiz